| 000 | 01258nam a2200265Ia 4500 | ||
|---|---|---|---|
| 003 | OSt | ||
| 005 | 20201214181831.0 | ||
| 008 | 191128s1984 ck ad fr 000 0 spa d | ||
| 020 | _a9589505805 | ||
| 040 |
_aCO-JMCR _cCO-JMCR |
||
| 041 | 0 | _aspa | |
| 082 | 0 | 4 |
_a338.0198621 / _bB748i _223 |
| 100 | 1 |
_aBotero Herrera, Fernando, _eautor _97059 |
|
| 245 | 1 | 0 |
_aLa industrialización en Antioquia : _bgénesis y consolidación 1900-1930 / _cFernando Botero Herrera |
| 250 | _aprimera edición | ||
| 260 |
_aMedellín : _bUniversidad de Antioquia, _c1984 |
||
| 300 |
_a184 páginas : _bgráficos a blanco y negro ; _c21 cm. |
||
| 504 | _aBibliografía: páginas [179]-182 | ||
| 505 | 0 | _aAgradecimientos -- Introducción -- Formación de la élite empresarial antioqueña -- El café, la formación del mercado interior para la industria antioqueña y origen del proletariado industrial . | |
| 520 | 3 | _aEste es uno de los primeros trabajos que se dedican al estudio sistemático de las condiciones que posibilitaron el surgimiento y solidificación del sector industrial en Antioquia. | |
| 650 | 1 | 4 |
_aIndustrialización _zAntioquia _97060 |
| 650 | 1 | 4 |
_aHistoria económica _zAntioquia _97061 |
| 651 | 4 |
_aAntioquia _xindustrias _97062 |
|
| 942 |
_2ddc _cBK |
||
| 999 |
_c3636 _d3636 |
||